All Oasis Covers - Statistics

General Stats
  • This quiz has been taken 20 times
  • The average score is 5 of 9
Answer Stats
Release Band Song % Correct
D'you Know What I Mean? David Bowie Heroes
79%
Cigarettes And Alcohol / Knebworth '96 The Beatles I Am the Walrus
79%
Don't Look Back in Anger Slade Cum on Feel the Noize
68%
Little By Little/She is Love The Who My Generation
58%
Who Feels Love? / Familiar to Millions The Beatles Helter Skelter
53%
Be Here Now (Deluxe Remastered Edition) The Beatles Help!
47%
Familiar to Millions Neil Young Hey Hey, My My (Into the Black)
42%
All Around the World The Rolling Stones Street Fighting Man
26%
(What's the Story) Morning Glory? (Deluxe Remastered Edition) / Some Might Say (Japanese) The Beatles You've Got to Hide Your Love Away
26%
No matching quizzes found
Score Distribution
Percent of People with Each Score
Percentile by Number Answered
Your Score History
You have not taken this quiz